000 00835nam a2200217 i 4500
001 180653
003 ES-MaACL
005 20250815111837.0
008 120619s1978 sp |||| | spa d
080 _a543(043.2)
100 1 _aAbello Mora, José,
_9150674
245 1 0 _aReaccionabilidad y posibles aplicaciones analíticas de las imido-dioximas
_b: ftalimida-dioxima y succinimida-dioxima /
_c[por] José Abello Mora.
260 _aBarcelona :
_bUniversidad, Secretariado de Publicaciones, Intercambio Científico y Extensión Universitaria,
_c1978.
300 _a29 p. ;
_c21cm.
502 _aTesis Univ. Barcelona (Extracto)
504 _aBibliografía : p. 29.
650 0 7 _aQuímica analítica
_2embne
_916630
710 2 _aUniversidad de Barcelona.
_97141
852 _aES-MaACL
_jE-15362(190)
999 _c180653
_d180653